000 00759nam a2200265Ia 4500
003 GCL
008 140319s9999 xx 000 0 ara d
040 _aGCL /
_cGCL
082 0 4 _a001.3
_bا ت
100 1 _aاحمد فؤاد الاهوانى
245 1 0 _aتراث الانسانية /
_cاحمد فؤاد الاهوانى
300 _a1012 ص
490 _aالهيئة العامة للاستعلامات
_v0
650 0 4 _aالشعر العربى
650 0 4 _aالقانون
650 0 4 _aالطب
650 0 4 _aالتراث
650 0 4 _aالادوية
650 0 4 _aالتحليل النفسى
650 0 4 _aالتاريخ
650 0 4 _aالاغذية
650 0 4 _aالملهاة
650 0 4 _aالانسانية
942 _2ddc
_cBK
999 _c51580
_d51580